[Event "Malakhatko Memorial op"]
[Site "Chess.com INT"]
[Date "2023.06.14"]
[Round "11"]
[White "Golichenko, Ilja"]
[Black "Chernomordik, Pavel"]
[Result "0-1"]
[WhiteElo "2427"]
[BlackElo "2144"]
[PlyCount "112"]
[EventDate "2023.06.14"]
[EventType "swiss (blitz)"]
[EventRounds "11"]
[EventCountry "USA"]
[SourceTitle "CBM 214 Extra"]
[Source "ChessBase"]
[SourceDate "2023.07.31"]
[SourceVersion "1"]
[SourceVersionDate "2023.07.31"]
[SourceQuality "1"]

1. d4 g6 2. h4 Nf6 3. c4 Bg7 4. Nc3 d6 5. e4 c6 6. Be2 h5 7. Nh3 a6 8. f3 b5 9. a3 bxc4 10. Bxc4 d5 11. exd5 cxd5 12. Bd3 Bxh3 13. Rxh3 Nc6 14. Be3 e5 15. dxe5 Nxe5 16. Qa4+ Kf8 17. 0-0-0 Bh6 18. Bxh6+ Rxh6 19. Qf4 Nxd3+ 20. Rxd3 Kg7 21. g4 Rh8 22. g5 Ne8 23. Rxd5 Qc8 24. Qd4+ Kh7 25. Rh1 Nc7 26. Rd7 Rf8 27. Rd1 Nb5 28. Qf6 Kg8 29. R1d3 Qc4 30. f4 Rae8 31. f5 Qf4+ 32. Kc2 Nxc3 33. Rxc3 Re2+ 34. Kb1 Qxf5+ 35. Qxf5 gxf5 36. Rf3 Rb8 37. b4 a5 38. Rd4 axb4 39. Rxb4 Rxb4+ 40. axb4 Re4 41. Rb3 Rxh4 42. b5 Rd4 43. b6 Rd8 44. b7 Rb8 45. Kc2 Kg7 46. Rb6 h4 47. Kd3 h3 48. Ke3 h2 49. Rb1 Rxb7 50. Rh1 Rb2 51. Kf4 Kg6 52. Rf1 Rg2 53. Rh1 Rf2+ 54. Kg3 Rb2 55. Kf4 Rb4+ 56. Kg3 Kxg5 0-1

[Event "Titled Tuesday intern op 02nd May Early"]
[Site "Chess.com INT"]
[Date "2023.05.02"]
[Round "6"]
[White "Golichenko, Ilja"]
[Black "Bochnicka, Vladimir1111"]
[Result "1-0"]
[WhiteElo "2427"]
[BlackElo "2327"]
[PlyCount "157"]
[EventDate "2023.05.02"]
[EventType "swiss (blitz)"]
[EventRounds "11"]
[EventCountry "USA"]
[SourceTitle "EXT 2024"]
[Source "ChessBase"]
[SourceDate "2023.10.10"]
[SourceVersion "1"]
[SourceVersionDate "2023.10.10"]
[SourceQuality "1"]

1. d4 Nf6 2. c4 g6 3. Nc3 Bg7 4. e4 d6 5. Be2 0-0 6. Bg5 h6 7. Be3 e5 8. d5 Kh7 9. Qd2 c6 10. f3 a6 11. Bd3 b5 12. dxc6 bxc4 13. Bxc4 Nxc6 14. Nge2 Rb8 15. 0-0 Nh5 16. Rfd1 Na5 17. Bd5 f5 18. Rab1 f4 19. Bf2 Nf6 20. b4 Nb7 21. Bxb7 Rxb7 22. Qxd6 Rd7 23. Qc5 Rff7 24. Qxe5 Ng4 25. Qa5 Qxa5 26. bxa5 Nxf2 27. Kxf2 Rc7 28. Rdc1 Bb7 29. Nd5 Bxd5 30. exd5 Rcd7 31. Rd1 Rf5 32. Rb6 Rdxd5 33. Rxd5 Rxd5 34. Rxa6 Rd2 35. Ke1 Rxa2 36. Nxf4 Rxa5 37. Rxg6 Ra1+ 38. Ke2 Ra2+ 39. Kd3 Ra3+ 40. Kc2 Ra4 41. Rg4 Ra2+ 42. Kb3 Rd2 43. h4 Be5 44. Ng6 Rb2+ 45. Ka3 Bf6 46. h5 Rb5 47. Nf8+ Kh8 48. Rg6 Bg7 49. Ne6 Rb6 50. Ka4 Rc6 51. Kb5 Rd6 52. Kc5 Ra6 53. Nxg7 Rxg6 54. hxg6 Kxg7 55. Kd5 Kxg6 56. Ke5 Kg5 57. f4+ Kg4 58. f5 h5 59. f6 h4 60. f7 Kg3 61. f8Q Kxg2 62. Qa8+ Kh2 63. Qf3 h3 64. Qg4 Kh1 65. Qxh3+ Kg1 66. Qf3 Kh2 67. Qg4 Kh1 68. Kd4 Kh2 69. Kc3 Kh1 70. Kb2 Kh2 71. Ka1 Kh1 72. Kb1 Kh2 73. Kc1 Kh1 74. Kd1 Kh2 75. Ke1 Kh1 76. Ke2 Kh2 77. Kf1 Kh1 78. Kf2 Kh2 79. Qh4# 1-0

[Event "Titled Tuesday intern op 02nd May Early"]
[Site "Chess.com INT"]
[Date "2023.05.02"]
[Round "10"]
[White "Sarana, Alexey"]
[Black "Golichenko, Ilja"]
[Result "1-0"]
[WhiteElo "2685"]
[BlackElo "2427"]
[PlyCount "59"]
[EventDate "2023.05.02"]
[EventType "swiss (blitz)"]
[EventRounds "11"]
[EventCountry "USA"]
[SourceTitle "EXT 2024"]
[Source "ChessBase"]
[SourceDate "2023.10.10"]
[SourceVersion "1"]
[SourceVersionDate "2023.10.10"]
[SourceQuality "1"]

1. d4 Nf6 2. c4 e6 3. Nc3 Bb4 4. e3 0-0 5. Bd3 d5 6. a3 Bxc3+ 7. bxc3 c5 8. cxd5 exd5 9. Ne2 c4 10. Bc2 Re8 11. f3 Nbd7 12. g4 Nf8 13. Ng3 Qa5 14. Bd2 Ng6 15. 0-0 Qc7 16. g5 Nd7 17. e4 dxe4 18. fxe4 b6 19. Qh5 Bb7 20. Rae1 Rad8 21. Nf5 Nc5 22. d5 Nd3 23. Bxd3 cxd3 24. Rf3 Qc5+ 25. Kf1 Qxa3 26. Rh3 Nf8 27. Rf3 Qa2 28. Nh6+ gxh6 29. Qxf7+ Kh8 30. gxh6 1-0

[Event "Titled Tuesday intern op 25th Apr Early"]
[Site "Chess.com INT"]
[Date "2023.04.25"]
[Round "4"]
[White "Beerdsen, Thomas"]
[Black "Golichenko, Ilja"]
[Result "0-1"]
[WhiteElo "2523"]
[BlackElo "2425"]
[PlyCount "80"]
[EventDate "2023.04.25"]
[EventType "swiss (blitz)"]
[EventRounds "11"]
[EventCountry "USA"]
[SourceTitle "EXT 2024"]
[Source "ChessBase"]
[SourceDate "2023.10.10"]
[SourceVersion "1"]
[SourceVersionDate "2023.10.10"]
[SourceQuality "1"]

1. e4 Nf6 2. Nc3 d5 3. exd5 Nxd5 4. Qf3 c6 5. Bc4 e6 6. Nge2 Be7 7. b3 0-0 8. Bb2 Bf6 9. 0-0-0 Nd7 10. Qg3 Ne5 11. Nxd5 exd5 12. Bxe5 dxc4 13. bxc4 Bxe5 14. Qxe5 Re8 15. Qh5 Qf6 16. Nc3 g6 17. Qh6 b5 18. cxb5 cxb5 19. Kb1 Bf5 20. g4 b4 21. Na4 Bxg4 22. Rde1 Qxf2 23. Ref1 Qd4 24. Nb2 a5 25. Nd3 Rac8 26. Rf4 Qd5 27. Rhf1 Be6 28. Nc1 Qc5 29. Ka1 Qxc2 30. R4f3 a4 31. Qe3 b3 32. Qd4 Red8 33. Qb2 Qxb2+ 34. Kxb2 Rxd2+ 35. Ka3 b2 36. Nd3 Rc3+ 37. Kxa4 Rcxd3 38. Rxd3 Rxd3 39. Rb1 Rd2 40. Rxb2 Rxb2 0-1

[Event "Titled Tuesday intern op 25th Apr Early"]
[Site "Chess.com INT"]
[Date "2023.04.25"]
[Round "5"]
[White "Molina, Roberto Junio Brito"]
[Black "Golichenko, Ilja"]
[Result "0-1"]
[WhiteElo "2403"]
[BlackElo "2425"]
[PlyCount "66"]
[EventDate "2023.04.25"]
[EventType "swiss (blitz)"]
[EventRounds "11"]
[EventCountry "USA"]
[SourceTitle "EXT 2024"]
[Source "ChessBase"]
[SourceDate "2023.10.10"]
[SourceVersion "1"]
[SourceVersionDate "2023.10.10"]
[SourceQuality "1"]

1. d4 Nf6 2. c4 e6 3. Nf3 d5 4. Nc3 Bb4 5. Bg5 Nbd7 6. e3 c5 7. a3 Bxc3+ 8. bxc3 Qa5 9. Qc2 Ne4 10. cxd5 exd5 11. Rc1 Qxa3 12. Bd3 Nxg5 13. Nxg5 h6 14. Nf3 c4 15. Be2 Nf6 16. 0-0 0-0 17. Ra1 Qe7 18. Rfb1 Ne4 19. Rb5 Be6 20. Bxc4 Nd6 21. Bd3 Nxb5 22. Bxb5 Rfc8 23. Bd3 Qc7 24. Ra3 a6 25. Nd2 b5 26. Qb2 Qd7 27. f3 Rcb8 28. e4 a5 29. e5 Qe7 30. Nb3 b4 31. Rxa5 Rxa5 32. Nxa5 Qc7 33. cxb4 Qxa5 0-1

[Event "Titled Tuesday intern op 28th Feb Late"]
[Site "Chess.com INT"]
[Date "2023.02.28"]
[Round "6"]
[White "Golichenko, Ilja"]
[Black "Garcia Correa, Jose Ricardo"]
[Result "0-1"]
[WhiteElo "2413"]
[BlackElo "2103"]
[PlyCount "80"]
[EventDate "2023.02.28"]
[EventType "swiss (blitz)"]
[EventRounds "11"]
[EventCountry "USA"]
[SourceTitle "CBM 213 Extra"]
[Source "ChessBase"]
[SourceDate "2023.05.31"]
[SourceVersion "1"]
[SourceVersionDate "2023.05.31"]
[SourceQuality "1"]

1. d4 Nf6 2. Nc3 e6 3. e4 c5 4. d5 e5 5. Nf3 d6 6. Nd2 a6 7. a4 g6 8. Nc4 Bg7 9. Be2 0-0 10. 0-0 Qe7 11. Nb6 Ra7 12. a5 Nbd7 13. Nc4 Kh8 14. h3 Ng8 15. f4 f5 16. exf5 gxf5 17. fxe5 Nxe5 18. Nxe5 Bxe5 19. Bf3 Bd7 20. Bd2 Raa8 21. Qe2 Qg7 22. Rae1 Qg3 23. Qc4 Rae8 24. Rxe5 dxe5 25. Be1 Qg5 26. Qxc5 e4 27. Be2 f4 28. Bf2 Bxh3 29. Bd4+ Nf6 30. Rf2 f3 31. Bf1 Kg8 32. Bxf6 Rxf6 33. Bc4 Qc1+ 34. Kh2 Qf4+ 35. g3 Qh6 36. d6+ Be6+ 37. Kg1 e3 38. Rh2 f2+ 39. Kg2 f1Q+ 40. Bxf1 Rf2+ 0-1

[Event "Titled Tuesday intern op 22nd Nov Early"]
[Site "Chess.com INT"]
[Date "2022.11.22"]
[Round "6"]
[White "Csonka, Balazs"]
[Black "Golichenko, Ilja"]
[Result "1-0"]
[WhiteElo "2497"]
[BlackElo "2413"]
[PlyCount "41"]
[EventDate "2022.11.22"]
[EventType "swiss (blitz)"]
[EventRounds "11"]
[EventCountry "USA"]
[SourceTitle "CBM 211 Extra"]
[Source "ChessBase"]
[SourceDate "2023.01.31"]
[SourceVersion "1"]
[SourceVersionDate "2023.01.31"]
[SourceQuality "1"]

1. e4 Nf6 2. e5 Nd5 3. d4 d6 4. Nf3 Bg4 5. Be2 e6 6. 0-0 Be7 7. h3 Bh5 8. c4 Nb6 9. exd6 cxd6 10. Nc3 0-0 11. b3 Nc6 12. Be3 a6 13. d5 Bxf3 14. Bxf3 Ne5 15. dxe6 Nxf3+ 16. Qxf3 fxe6 17. Qxb7 Rb8 18. Qxa6 Bf6 19. Rac1 Qc7 20. Nb5 Qc6 21. c5 1-0

[Event "Titled Tuesday intern op 22nd Nov Early"]
[Site "Chess.com INT"]
[Date "2022.11.22"]
[Round "3"]
[White "Golichenko, Ilja"]
[Black "Narayanan, Srinath"]
[Result "1-0"]
[WhiteElo "2413"]
[BlackElo "2559"]
[PlyCount "77"]
[EventDate "2022.11.22"]
[EventType "swiss (blitz)"]
[EventRounds "11"]
[EventCountry "USA"]
[SourceTitle "CBM 211 Extra"]
[Source "ChessBase"]
[SourceDate "2023.01.31"]
[SourceVersion "1"]
[SourceVersionDate "2023.01.31"]
[SourceQuality "1"]

1. d4 Nf6 2. c4 e6 3. Nc3 Bb4 4. Qc2 0-0 5. e4 d5 6. e5 Ne4 7. Bd3 c5 8. cxd5 exd5 9. Nge2 Nc6 10. a3 cxd4 11. axb4 Nxb4 12. Qb1 dxc3 13. bxc3 Nxd3+ 14. Qxd3 Nc5 15. Qg3 Bf5 16. 0-0 Bd3 17. Re1 Bxe2 18. Rxe2 a5 19. Bh6 Ne6 20. f4 Kh8 21. f5 gxh6 22. fxe6 fxe6 23. Qh3 Rf5 24. Qxh6 Qb6+ 25. Kh1 Raf8 26. Ree1 Qf2 27. h3 Rg8 28. Rg1 Rg6 29. Qc1 b6 30. Rb1 Rh5 31. Rb2 Qg3 32. Qf1 Kg8 33. Rf2 Kg7 34. Rf7+ Kh6 35. Re7 Rf5 36. Qc1+ Qg5 37. Qa3 Rf2 38. Rb7 Qxe5 39. Qe7 1-0

[Event "Kiev Anfield Cup 1st"]
[Site "Kiev"]
[Date "2022.09.24"]
[Round "4"]
[White "Dmitrenko, Viktor"]
[Black "Golichenko, Ilja"]
[Result "1/2-1/2"]
[WhiteElo "2395"]
[BlackElo "2413"]
[PlyCount "100"]
[EventDate "2022.09.24"]
[EventType "swiss"]
[EventRounds "9"]
[EventCountry "UKR"]
[SourceTitle "CBM 210 Extra"]
[Source "ChessBase"]
[SourceDate "2022.11.30"]
[SourceVersion "1"]
[SourceVersionDate "2022.11.30"]
[SourceQuality "1"]

1. Nf3 Nf6 2. c4 b6 3. g3 Bb7 4. Bg2 e6 5. 0-0 Be7 6. d4 0-0 7. Nc3 Ne4 8. Bd2 Nxc3 9. Bxc3 d5 10. Ne5 c5 11. cxd5 exd5 12. dxc5 Bxc5 13. Qa4 Nc6 14. Nd3 Qd7 15. Rad1 d4 16. b4 Be7 17. b5 Na5 18. Qxd4 Qxd4 19. Bxd4 Bxg2 20. Kxg2 Rfd8 21. Bc3 Rac8 22. Bxa5 bxa5 23. Rc1 Ba3 24. Rc6 Rxc6 25. bxc6 Rc8 26. Rb1 f6 27. Rb7 Rxc6 28. Rxa7 Bb4 29. Kf3 Rc2 30. a3 Bd2 31. e3 Ra2 32. Nc5 Be1 33. Nd3 Bc3 34. Nc5 Rxa3 35. Ke4 g6 36. g4 Be1 37. f4 Bd2 38. Nd7 Rxe3+ 39. Kd5 Bc3 40. g5 f5 41. Ne5 Bxe5 42. fxe5 f4 43. Ke6 Rb3 44. Ra8+ Kg7 45. Ra7+ Kg8 46. Ra8+ Kg7 47. Ra7+ Kg8 48. Ra8+ Kg7 49. Ra7+ Kg8 50. Kf6 Rb8 1/2-1/2

[Event "Kiev Spring Blitz op"]
[Site "Kiev"]
[Date "2021.07.11"]
[Round "2"]
[White "Golichenko, Ilja"]
[Black "Savchenko, Kirill"]
[Result "0-1"]
[WhiteElo "2413"]
[BlackElo "2097"]
[PlyCount "61"]
[EventDate "2021.07.11"]
[EventType "swiss (blitz)"]
[EventRounds "9"]
[EventCountry "UKR"]
[SourceTitle "CBM 203 Extra"]
[Source "ChessBase"]
[SourceDate "2021.09.30"]
[SourceVersion "1"]
[SourceVersionDate "2021.09.30"]
[SourceQuality "1"]

1. d4 d5 2. Nc3 Nf6 3. Bf4 a6 4. e3 c5 5. Nf3 Nc6 6. dxc5 e6 7. Na4 Bxc5 8. Nxc5 Qa5+ 9. c3 Qxc5 10. Bd3 0-0 11. 0-0 Re8 12. Ne5 Nxe5 13. Bxe5 Nd7 14. Bd4 Qd6 15. f4 e5 16. fxe5 Nxe5 17. Bc2 Bg4 18. Qe1 Bh5 19. Qf2 Bg6 20. Bxg6 Qxg6 21. Rad1 Nc4 22. b3 Nd6 23. Qf3 Ne4 24. Qf5 Rac8 25. Qxd5 Nxc3 26. Qxb7 Nxd1 27. Rxd1 h5 28. Rf1 Rc2 29. h3 Rxa2 30. Kh2 h4 31. Rg1 0-1

[Event "Titled Tuesday intern op 7th Januar"]
[Site "Chess.com INT"]
[Date "2020.01.07"]
[Round "5"]
[White "Golichenko, Ilja"]
[Black "Martins, Carlos"]
[Result "1-0"]
[WhiteElo "2413"]
[BlackElo "2231"]
[PlyCount "124"]
[EventDate "2020.01.07"]
[EventType "swiss (blitz)"]
[EventRounds "10"]
[EventCountry "USA"]
[SourceTitle "EXT 2021"]
[Source "ChessBase"]
[SourceDate "2020.10.23"]
[SourceVersion "1"]
[SourceVersionDate "2020.10.23"]
[SourceQuality "1"]

1. d4 f5 2. g3 Nf6 3. Bg2 g6 4. Nf3 Bg7 5. 0-0 0-0 6. c4 d6 7. b4 e5 8. dxe5 dxe5 9. Bb2 e4 10. Nfd2 Be6 11. Qc2 c6 12. f3 exf3 13. exf3 Re8 14. Kh1 Nbd7 15. Nc3 Qe7 16. c5 Nd5 17. Nxd5 Bxd5 18. Bxg7 Qxg7 19. Nc4 Ne5 20. Nd6 Re7 21. Rae1 a5 22. b5 Rf8 23. bxc6 bxc6 24. f4 Ng4 25. Bxd5+ cxd5 26. Qb3 Kh8 27. Rxe7 Qxe7 28. Qxd5 Qe2 29. Qd4+ Kg8 30. Qc4+ Qxc4 31. Nxc4 Rc8 32. Nxa5 Rxc5 33. Nb3 Rc2 34. h3 Rh2+ 35. Kg1 Rxh3 36. Rf3 Rh2 37. a4 Ra2 38. a5 Kf7 39. Rc3 Ke8 40. Rc7 Ra3 41. Rb7 Nf6 42. Kf1 Ne4 43. Kg2 Ra2+ 44. Kg1 Nxg3 45. Rxh7 Ne2+ 46. Kf1 Nxf4 47. Ra7 g5 48. Nd4 g4 49. Nxf5 Nd3 50. Kg1 Kd8 51. Nd6 Nf4 52. Ne4 Ra4 53. Nc5 Ra2 54. Rg7 Ke8 55. Rxg4 Nh3+ 56. Kf1 Rxa5 57. Ne4 Rf5+ 58. Kg2 Nf4+ 59. Kh2 Rf8 60. Ng5 Ke7 61. Kg3 Nd5 62. Nf3 Nf6 1-0

[Event "Titled Tuesday intern op 7th Januar"]
[Site "Chess.com INT"]
[Date "2020.01.07"]
[Round "4"]
[White "Yeletsky, Ivan"]
[Black "Golichenko, Ilja"]
[Result "1-0"]
[WhiteElo "2448"]
[BlackElo "2413"]
[PlyCount "85"]
[EventDate "2020.01.07"]
[EventType "swiss (blitz)"]
[EventRounds "10"]
[EventCountry "USA"]
[SourceTitle "EXT 2021"]
[Source "ChessBase"]
[SourceDate "2020.10.23"]
[SourceVersion "1"]
[SourceVersionDate "2020.10.23"]
[SourceQuality "1"]

1. e4 c5 2. Nf3 d6 3. Nc3 e5 4. Bc4 Be6 5. Bxe6 fxe6 6. d3 Be7 7. Ng5 Bxg5 8. Qh5+ g6 9. Qxg5 Qxg5 10. Bxg5 h6 11. Be3 Nc6 12. h4 Nf6 13. f3 0-0-0 14. a3 b6 15. Nd1 Nh5 16. Nf2 Nf4 17. Rh2 g5 18. h5 Nd4 19. Bxd4 exd4 20. g3 Nxd3+ 21. cxd3 Rdf8 22. Ke2 Rf7 23. Ng4 e5 24. Rf2 Kd7 25. Raf1 Ke6 26. f4 gxf4 27. gxf4 Rg7 28. Rg2 exf4 29. Rxf4 Rhg8 30. Kf3 Ke7 31. Rf5 b5 32. Rf4 Rg5 33. Rh2 c4 34. dxc4 bxc4 35. Nxh6 Rf8 36. Rxf8 Kxf8 37. Nf5 d5 38. Kf4 Rg1 39. exd5 d3 40. h6 Rf1+ 41. Kg5 Kg8 42. d6 c3 43. d7 1-0

[Event "Lvov rapid Cup"]
[Site "Lvov"]
[Date "2017.05.09"]
[Round "11"]
[White "Zubov, Alexander"]
[Black "Golichenko, Ilja"]
[Result "1-0"]
[WhiteElo "2604"]
[BlackElo "2413"]
[PlyCount "95"]
[EventDate "2017.05.08"]
[EventType "swiss (rapid)"]
[EventRounds "13"]
[EventCountry "UKR"]
[SourceTitle "CBM 178 Extra"]
[Source "ChessBase"]
[SourceDate "2017.06.22"]
[SourceVersion "1"]
[SourceVersionDate "2017.06.22"]
[SourceQuality "1"]

1. d4 Nf6 2. c4 e6 3. Nf3 d5 4. e3 c6 5. b3 Nbd7 6. Bd3 Bd6 7. Bb2 0-0 8. 0-0 Ne4 9. Qc2 f5 10. Ba3 Ndf6 11. Bxd6 Nxd6 12. Nc3 Bd7 13. Ne2 Nfe4 14. Ne5 Nf7 15. f3 Ned6 16. c5 Nxe5 17. dxe5 Nf7 18. f4 b6 19. Nd4 Qe7 20. Rfc1 Rfb8 21. b4 a5 22. bxa5 Rxa5 23. Nb3 Ra3 24. cxb6 Rxb6 25. Nc5 Bc8 26. Qd2 Qa7 27. Rc2 Nd8 28. Rac1 Nb7 29. Nxb7 Bxb7 30. h3 Qa5 31. Qe2 Rb4 32. Kh2 Rba4 33. Rb1 Rb4 34. Rcb2 Rxb2 35. Qxb2 Bc8 36. Qb8 Qd8 37. Rb7 Qf8 38. Ra7 Rxa7 39. Qxa7 c5 40. Bb5 c4 41. Qc7 h6 42. a4 Kh7 43. a5 Qb4 44. Be8 Ba6 45. Qf7 c3 46. Qxe6 Qf8 47. Bg6+ Kh8 48. Qxa6 1-0

[Event "Lvov rapid Cup"]
[Site "Lvov"]
[Date "2017.05.08"]
[Round "4"]
[White "Kuzubov, Yuriy"]
[Black "Golichenko, Ilja"]
[Result "1-0"]
[WhiteElo "2637"]
[BlackElo "2413"]
[PlyCount "83"]
[EventDate "2017.05.08"]
[EventType "swiss (rapid)"]
[EventRounds "13"]
[EventCountry "UKR"]
[SourceTitle "CBM 178 Extra"]
[Source "ChessBase"]
[SourceDate "2017.06.22"]
[SourceVersion "1"]
[SourceVersionDate "2017.06.22"]
[SourceQuality "1"]

1. d4 Nf6 2. c4 e6 3. Nf3 d5 4. Nc3 c6 5. e3 Nbd7 6. b3 Bd6 7. Bb2 0-0 8. Be2 b6 9. Rc1 Bb7 10. 0-0 Ne4 11. Qc2 f5 12. Ne1 e5 13. dxe5 Nxe5 14. Nd3 Nxd3 15. Bxd3 Qh4 16. f4 Bc5 17. Rce1 Rae8 18. Bxe4 fxe4 19. Na4 Bb4 20. Rd1 b5 21. a3 bxa4 22. axb4 axb3 23. Qxb3 Qe7 24. Bd4 Rf7 25. cxd5 cxd5 26. b5 a6 27. b6 Bc6 28. Rc1 Qb7 29. Rc5 Bb5 30. Rfc1 Bc4 31. Qb2 Rc8 32. Qb4 Rxc5 33. Qxc5 Rf8 34. Be5 Rc8 35. Bc7 Re8 36. h3 h6 37. f5 Rf8 38. Qd6 Rxf5 39. Qe6+ Rf7 40. Rc2 Kf8 41. Rf2 Rf6 42. Bd6+ 1-0

[Event "Nabokov Memorial-A 12th"]
[Site "Kiev"]
[Date "2015.04.28"]
[Round "8"]
[White "Golichenko, Ilja"]
[Black "Kislinsky, Alexey"]
[Result "1-0"]
[WhiteElo "2429"]
[BlackElo "2489"]
[PlyCount "71"]
[EventDate "2015.04.21"]
[EventType "tourn"]
[EventRounds "9"]
[EventCountry "UKR"]
[EventCategory "10"]
[SourceTitle "CBM 166 Extra"]
[Source "ChessBase"]
[SourceDate "2015.06.18"]
[SourceVersion "1"]
[SourceVersionDate "2015.06.18"]
[SourceQuality "1"]

1. d4 g6 2. c4 Bg7 3. Nc3 d6 4. e4 Nc6 5. Be3 e5 6. Nge2 exd4 7. Nxd4 Nge7 8. h4 0-0 9. h5 f5 10. hxg6 hxg6 11. Nxc6 bxc6 12. Bd4 c5 13. Bxg7 Kxg7 14. Qd2 Rh8 15. Rxh8 Qxh8 16. Nb5 Qd8 17. e5 a6 18. Nxc7 Qxc7 19. exd6 Qd7 20. dxe7 Qxe7+ 21. Qe3 Qxe3+ 22. fxe3 Kf6 23. Rd1 Be6 24. Rd6 a5 25. Kd2 a4 26. Rc6 a3 27. b3 Rd8+ 28. Ke1 g5 29. Rxc5 f4 30. exf4 gxf4 31. Ra5 Bg4 32. Rd5 Rxd5 33. cxd5 Bf5 34. Kd2 Bb1 35. Bd3 Bxa2 36. Kc3 1-0

[Event "Nabokov Memorial-A 12th"]
[Site "Kiev"]
[Date "2015.04.25"]
[Round "5"]
[White "Golichenko, Ilja"]
[Black "Anwesh, Upadhyaya"]
[Result "0-1"]
[WhiteElo "2429"]
[BlackElo "2366"]
[PlyCount "162"]
[EventDate "2015.04.21"]
[EventType "tourn"]
[EventRounds "9"]
[EventCountry "UKR"]
[EventCategory "10"]
[SourceTitle "CBM 166 Extra"]
[Source "ChessBase"]
[SourceDate "2015.06.18"]
[SourceVersion "1"]
[SourceVersionDate "2015.06.18"]
[SourceQuality "1"]

1. d4 d5 2. c4 c6 3. Nf3 Nf6 4. e3 e6 5. b3 Nbd7 6. Bb2 Bd6 7. Be2 0-0 8. 0-0 Ne4 9. Nbd2 f5 10. Ne5 a5 11. f3 Nxd2 12. Qxd2 a4 13. b4 a3 14. Bc3 Nxe5 15. dxe5 Be7 16. Rfd1 Qb6 17. Rab1 Bd7 18. Rb3 Rfd8 19. Bd4 Qc7 20. Qc3 Ra4 21. Rdb1 b6 22. cxd5 exd5 23. e6 Bxe6 24. Bb5 Ra7 25. Qxc6 Qxc6 26. Bxc6 Rb8 27. Be5 Rc8 28. Rc3 Kf8 29. Bd4 g6 30. Kf2 Bd6 31. h3 Ke7 32. g4 Rac7 33. b5 Rb8 34. gxf5 Bxf5 35. Rbb3 Bxh3 36. Bxd5 Rxc3 37. Rxc3 Bd7 38. Bc4 Rc8 39. Bd3 Rxc3 40. Bxc3 Be6 41. Bd4 Bc7 42. Bb1 Bc4 43. f4 Bxb5 44. Kg3 Kf7 45. Kg4 h6 46. e4 Be2+ 47. Kg3 Bc4 48. Kg4 Be2+ 49. Kg3 Bd8 50. Be3 h5 51. Bd4 Bc4 52. Be3 b5 53. Bd4 b4 54. Kf3 Be7 55. Kg3 Be6 56. Kf3 Bd6 57. Be3 Bg4+ 58. Kg2 h4 59. Bd2 Bc5 60. Be1 Be3 61. Bxh4 Bxf4 62. Be1 Bd6 63. Bd2 Be6 64. Bc1 Kf6 65. Kf3 Be5 66. Ke3 Bc4 67. Bd2 b3 68. axb3 Bxb3 69. Ba5 a2 70. Bxa2 Bxa2 71. Bd8+ Kf7 72. Kf3 Be6 73. Bg5 Bf6 74. Bd2 g5 75. Be3 Kg6 76. Bd2 Be5 77. Be3 Kh5 78. Bf2 g4+ 79. Ke3 Bh2 80. Be1 Kg5 81. Kf2 Bf4 0-1

[Event "Nabokov Memorial-A 12th"]
[Site "Kiev"]
[Date "2015.04.23"]
[Round "3"]
[White "Golichenko, Ilja"]
[Black "Bortnyk, Olexandr"]
[Result "0-1"]
[WhiteElo "2429"]
[BlackElo "2543"]
[PlyCount "62"]
[EventDate "2015.04.21"]
[EventType "tourn"]
[EventRounds "9"]
[EventCountry "UKR"]
[EventCategory "10"]
[SourceTitle "CBM 166 Extra"]
[Source "ChessBase"]
[SourceDate "2015.06.18"]
[SourceVersion "1"]
[SourceVersionDate "2015.06.18"]
[SourceQuality "1"]

1. d4 d5 2. c4 dxc4 3. Nf3 c6 4. e3 Be6 5. a4 Nf6 6. Na3 Bd5 7. Nxc4 e6 8. Bd3 Na6 9. 0-0 Nb4 10. Nce5 Nxd3 11. Qxd3 Bd6 12. Ng5 Be4 13. Qb3 0-0 14. f3 Bg6 15. Nxg6 hxg6 16. Qxb7 c5 17. Ne4 cxd4 18. exd4 Nxe4 19. fxe4 Qh4 20. h3 Rab8 21. Qa6 Rfd8 22. Qxa7 f6 23. e5 fxe5 24. Be3 exd4 25. Bxd4 Rd7 26. Qxd7 Qxd4+ 27. Kh1 Qe5 28. Qf7+ Kh7 29. g3 Qxg3 30. Rf2 Qxh3+ 31. Kg1 Rb4 0-1

[Event "Lutsk Nebesna Sotnya Memorial rap"]
[Site "Lutsk"]
[Date "2015.02.22"]
[Round "9"]
[White "Reshetkov, Kirill"]
[Black "Golichenko, Ilja"]
[Result "1-0"]
[WhiteElo "2197"]
[BlackElo "2429"]
[PlyCount "67"]
[EventDate "2015.02.21"]
[EventType "swiss (rapid)"]
[EventRounds "11"]
[EventCountry "UKR"]
[SourceTitle "CBM 164 Extra"]
[Source "ChessBase"]
[SourceDate "2015.03.02"]
[SourceVersion "1"]
[SourceVersionDate "2015.03.02"]
[SourceQuality "1"]

1. d3 d5 2. Nf3 b6 3. g3 Bb7 4. Bg2 g6 5. 0-0 Bg7 6. Nc3 Nf6 7. e4 0-0 8. e5 Ne8 9. d4 c5 10. Ne2 Nc6 11. c3 cxd4 12. cxd4 Ba6 13. Re1 Bxe2 14. Rxe2 Nc7 15. Be3 Qd7 16. Rc1 Rfc8 17. Ng5 h6 18. Bh3 e6 19. Nf3 a5 20. Bf1 a4 21. a3 Na5 22. h4 b5 23. h5 g5 24. Nxg5 hxg5 25. Bxg5 Ne8 26. Rec2 Rxc2 27. Rxc2 f5 28. h6 Bf8 29. g4 Qf7 30. Bd3 Qg6 31. f4 Bxh6 32. gxf5 exf5 33. Rg2 Kf8 34. Be7+ 1-0

[Event "Lutsk Nebesna Sotnya Memorial blitz"]
[Site "Lutsk"]
[Date "2015.02.20"]
[Round "18"]
[White "Alexikov, Alexander"]
[Black "Golichenko, Ilja"]
[Result "0-1"]
[WhiteElo "2352"]
[BlackElo "2429"]
[PlyCount "122"]
[EventDate "2015.02.20"]
[EventType "swiss (blitz)"]
[EventRounds "22"]
[EventCountry "UKR"]
[SourceTitle "CBM 165 Extra"]
[Source "ChessBase"]
[SourceDate "2015.04.21"]
[SourceVersion "1"]
[SourceVersionDate "2015.04.21"]
[SourceQuality "1"]

1. e4 c5 2. Nf3 d6 3. d4 cxd4 4. Nxd4 Nf6 5. Nc3 a6 6. Bg5 e6 7. f4 Nbd7 8. Qf3 Qc7 9. 0-0-0 Be7 10. g4 b5 11. Bxf6 Nxf6 12. g5 Nd7 13. f5 Bxg5+ 14. Kb1 Ne5 15. Qh5 Qe7 16. fxe6 g6 17. Qe2 fxe6 18. h4 Bxh4 19. Bh3 Bf6 20. a4 b4 21. Na2 Rb8 22. Qe1 0-0 23. Nxb4 a5 24. Na2 Nc4 25. b3 Na3+ 26. Kc1 Qc7 27. Qc3 Qb6 28. Qd3 Ba6 29. Bxe6+ Kh8 30. Nb5 Nxb5 31. axb5 Bxb5 32. Qxd6 Qe3+ 33. Qd2 Qxe4 34. Rhe1 Qh4 35. Qxa5 Ra8 36. Qb4 Qg5+ 37. Kb1 Be7 38. Qc3+ Bf6 39. Qb4 Be7 40. Qc3+ Bf6 41. Qb4 Rfb8 42. Rd5 Qg3 43. Rf1 Rxa2 44. Rxf6 Qg1+ 45. Kxa2 Ra8+ 46. Qa3 Rxa3+ 47. Kxa3 Qa1+ 48. Kb4 Qxf6 49. Rxb5 Qxe6 50. c4 h5 51. c5 Qe4+ 52. Ka5 h4 53. Rb8+ Kg7 54. b4 h3 55. b5 h2 56. c6 h1Q 57. Kb6 Qg1+ 58. Kb7 Qc5 59. Ka6 Qa4+ 60. Kb7 Qaxb5+ 61. Kc7 Qbxc6+ 0-1